000 00752nam a2200205Ia 4500
003 GCL
008 140319s9999 xx 000 0 ara d
040 _aGCL /
_cGCL
082 0 4 _a301.24
_bح ت
100 1 _aحسين عبدالحميد احمد رشوان
245 1 0 _aالتغير الاجتماعى والتنمية السياسة دراسة فى علم الاجتماع السياسى /
_cحسين عبدالحميد احمد رشوان
260 _a[S.N] :
_bالمكتب الجامعى الحديث ،
_c1993
300 _a311
490 _a
650 0 4 _aالتنمية الاقتصادية
650 0 4 _aالاجتماع
650 0 4 _aالتغير الاجتماعى
650 0 4 _aالاجتماع السياسى
942 _2ddc
_cBK
999 _c56236
_d56236